| 000 | 00632nam a22001817a 4500 | ||
|---|---|---|---|
| 999 |
_c185854 _d185854 |
||
| 005 | 20220210142731.0 | ||
| 010 | _aENG-131504 | ||
| 020 |
_a9789390679942 _c499.00 |
||
| 035 | _aEN-115036 | ||
| 037 | _bDBAD | ||
| 082 | _a863.1 | ||
| 100 | _aChabria, Priya Sarukkai | ||
| 245 |
_aSing of Life: _bRevisioning Tagore's Gitanjali/ _cPriya Sarukkai Chabria |
||
| 260 |
_aChennai _bWestland Publication Private Limited _c2021 |
||
| 270 |
_a1st Floor, A Block, East Wing, Plot No. 40 SP infocity, Dr. MGR Salai, Pergudi, Kandanchavadi _bChennai _e600096 |
||
| 300 |
_a156p. _c23cm(hbk) |
||
| 942 |
_2ddc _cEN _h863.1 _mCHA |
||